01030nam a2200301Ia 450000500170000000800410001702000180005802000150007610000310009124500850012225000180020730000480022553400330027365000500030665000500035665000340040665000360044070000310047670000280050794200150053526400290055033600270057933700330060633800280063904000350066708400110070299900150071320220317001323.0161108s9999 xx 000 0 und d a9788484700050 a84847000541 aStehr, Frédéricd1956-14aLas tres cerditascFréderic Stehr ; traducción al español Anna Coll-Vinent a3a. edición a29 páginasbilustraciones en colorc25 cm tLes trois petites cochonnes.142LEMBaCuentos infantiles franceses ySiglo XX142LEMBaLiteratura infantil francesa ySiglo XX142LEMBaLobos en la literatura 142LEMB aCerdos en la literatura 1 aStehr, Frédéric9706741 aColl-Vinent, Anna92013 2loccBKINF aBarcelonabCorimboc2001 atextobtxt2rdacontent asin mediaciónbn2rdamedia avolumenbnc2rdacarrier aCO-BoRNBPbspaerdacCO-BoRNBP aC STE6 c6611d6611